Fundamentals of Operative Dentistry : (Record no. 16877)
[ view plain ]
| 000 -LEADER | |
|---|---|
| fixed length control field | 01600cam a2200361 a 4500 |
| 001 - CONTROL NUMBER | |
| control field | 013401408 |
| 003 - CONTROL NUMBER IDENTIFIER | |
| control field | Uk |
| 005 - DATE AND TIME OF LATEST TRANSACTION | |
| control field | 20061109213617.0 |
| 008 - FIXED-LENGTH DATA ELEMENTS--GENERAL INFORMATION | |
| fixed length control field | 050929s2006 ilua b 001 0 eng |
| 020 ## - INTERNATIONAL STANDARD BOOK NUMBER | |
| International Standard Book Number | 0867154527 |
| 040 ## - CATALOGING SOURCE | |
| Original cataloging agency | DNLM/DLC |
| Transcribing agency | DLC |
| Modifying agency | YDX |
| -- | NLM |
| -- | BAKER |
| -- | MUQ |
| -- | DLC |
| -- | Uk |
| 042 ## - AUTHENTICATION CODE | |
| Authentication code | ukblsr |
| 082 00 - DEWEY DECIMAL CLASSIFICATION NUMBER | |
| Classification number | 617.605 |
| Edition number | 22 |
| Item number | FUN |
| 245 00 - TITLE STATEMENT | |
| Title | Fundamentals of Operative Dentistry : |
| Remainder of title | a Contemporary Approach / |
| Statement of responsibility, etc | edited by James B. Summitt ... [et al.] ; illustrations by Jose dos Santos Jr. |
| 250 ## - EDITION STATEMENT | |
| Edition statement | 3rd ed. |
| 260 ## - PUBLICATION, DISTRIBUTION, ETC. (IMPRINT) | |
| Place of publication, distribution, etc | Chicago ; |
| -- | London : |
| Name of publisher, distributor, etc | Quintessence Pub., |
| Date of publication, distribution, etc | c2006. |
| 300 ## - PHYSICAL DESCRIPTION | |
| Extent | xi, 599 p. : |
| Other physical details | ill. (some col.) ; |
| Dimensions | 29 cm. |
| 504 ## - BIBLIOGRAPHY, ETC. NOTE | |
| Bibliography, etc | Includes bibliographical references and index. |
| 650 #0 - SUBJECT ADDED ENTRY--TOPICAL TERM | |
| Topical term or geographic name as entry element | Dentistry, Operative. |
| 9 (RLIN) | 30617 |
| 650 12 - SUBJECT ADDED ENTRY--TOPICAL TERM | |
| Topical term or geographic name as entry element | Dentistry, Operative |
| General subdivision | instrumentation. |
| 9 (RLIN) | 30618 |
| 650 12 - SUBJECT ADDED ENTRY--TOPICAL TERM | |
| Topical term or geographic name as entry element | Dentistry, Operative |
| General subdivision | methods. |
| 9 (RLIN) | 30619 |
| 650 22 - SUBJECT ADDED ENTRY--TOPICAL TERM | |
| Topical term or geographic name as entry element | Dental Caries |
| General subdivision | prevention & control. |
| 9 (RLIN) | 30620 |
| 650 22 - SUBJECT ADDED ENTRY--TOPICAL TERM | |
| Topical term or geographic name as entry element | Dental Materials |
| General subdivision | therapeutic use. |
| 9 (RLIN) | 30621 |
| 650 22 - SUBJECT ADDED ENTRY--TOPICAL TERM | |
| Topical term or geographic name as entry element | Dental Prosthesis. |
| 9 (RLIN) | 30622 |
| 650 22 - SUBJECT ADDED ENTRY--TOPICAL TERM | |
| Topical term or geographic name as entry element | Esthetics, Dental. |
| 9 (RLIN) | 30623 |
| 653 ## - INDEX TERM--UNCONTROLLED | |
| Resource For college | |
| Arrived date list | July2012 |
| 700 1# - ADDED ENTRY--PERSONAL NAME | |
| Personal name | Summitt, James B. |
| 9 (RLIN) | 30624 |
| 942 ## - ADDED ENTRY ELEMENTS (KOHA) | |
| Source of classification or shelving scheme | Dewey Decimal Classification |
| Item type | Book - Borrowing |
| Withdrawn status | Item status | Source of classification or shelving scheme | Damaged status | Not for loan | Vendor | Home library | Current library | Shelving location | Date acquired | Source of acquisition | Cost, normal purchase price | Serial Enumeration / chronology | Total Checkouts | Total Renewals | Full call number | Barcode | Date last seen | Date last borrowed | Koha item type |
|---|---|---|---|---|---|---|---|---|---|---|---|---|---|---|---|---|---|---|---|
| Dewey Decimal Classification | Baccah | Central Library | Central Library | First floor | 12/07/2012 | 495.00 | 15465 | 3 | 59 | 617.605 FUN | 000026973 | 15/07/2025 | 05/04/2022 | Book - Borrowing | |||||
| Dewey Decimal Classification | Baccah | Central Library | Central Library | First floor | 12/07/2012 | 495.00 | 15465 | 3 | 11 | 617.605 FUN | 000026974 | 15/07/2025 | 05/02/2017 | Book - Borrowing |